| 000 | 00677nam a2200241 a 4500 | ||
|---|---|---|---|
| 003 | DO-SdBNP | ||
| 005 | 20250905093134.0 | ||
| 007 | ta | ||
| 008 | 211013e2005 dr b ||gr|||| 00| e spa d | ||
| 040 |
_aDO-SdBNP _bspa _cBNPHU _erda |
||
| 041 | _aspa | ||
| 082 | 4 |
_axxx _bxxx _222 |
|
| 245 | 0 | 0 | _aDerecho internacional público contemporáneo |
| 250 | _aOctava edición | ||
| 264 | 1 |
_aSanto Domingo : _bEditora Centenario, _c2005. |
|
| 300 |
_a869 páginas : _bmapas ; _c25 cm |
||
| 336 |
_atexto _btxt _2rdacontent |
||
| 337 |
_asin mediación _bn _2rdamedia |
||
| 338 |
_avolumen _bnc _2rdacarrier |
||
| 590 | _aInventariado 2025/BT | ||
| 910 | _aBtavárez | ||
| 942 |
_2ddc _cLBS1 |
||
| 999 |
_c50744 _d50744 |
||